000 00518nam a2200133Ia 4500
008 100328s9999 xx 000 0 und d
082 _b55529
100 _aइंगोले विजया
245 _aज्ञानज्योती माई सावित्री फुले
260 _b---
630 _aज्ञानज्योती माई सावित्री फुले
730 _aज्ञानज्योती माई सावित्री फुले
942 _cBOOK
999 _c542200
_d542197